[Event "Verbandsliga Nordbaden 1920"]
[Site "Baden"]
[Date "2020.02.16"]
[Round "6.5"]
[White "Farmani Anosheh, Yasha"]
[Black "Bay, Nicolai"]
[Result "1/2-1/2"]
[WhiteElo "2171"]
[BlackElo "1993"]
[PlyCount "104"]
[EventDate "2019.09.29"]
[EventType "team-tourn"]
[EventRounds "9"]
[EventCountry "GER"]
[SourceTitle "EXT 2021"]
[Source "ChessBase"]
[SourceDate "2020.10.23"]
[SourceVersion "1"]
[SourceVersionDate "2020.10.23"]
[SourceQuality "1"]
[WhiteTeam "Ladenburg"]
[BlackTeam "Eppingen II"]
[WhiteTeamCountry "GER"]
[BlackTeamCountry "GER"]

1. d4 Nf6 2. c4 g6 3. g3 Bg7 4. Bg2 0-0 5. Nc3 d6 6. Nf3 Nc6 7. 0-0 e5 8. dxe5 Nxe5 9. b3 Nxf3+ 10. Bxf3 Rb8 11. Bb2 b6 12. Nb5 a5 13. Nd4 Bb7 14. Nc6 Bxc6 15. Bxc6 Nd7 16. Bxg7 Kxg7 17. Qd4+ f6 18. f4 Qe7 19. Rfe1 Rbd8 20. e4 Nb8 21. Ba4 Kg8 22. Rad1 g5 23. a3 gxf4 24. gxf4 Kh8 25. Kh1 Rg8 26. Rg1 Na6 27. Bc6 Rxg1+ 28. Rxg1 Rg8 29. Re1 Rg4 30. Qe3 Qg7 31. e5 fxe5 32. fxe5 dxe5 33. Bf3 Rg6 34. Bg2 Nc5 35. b4 axb4 36. axb4 Ne6 37. Qxe5 Qxe5 38. Rxe5 Nf4 39. Bf3 Re6 40. Rxe6 Nxe6 41. Kg2 Kg7 42. Be4 h6 43. Kf3 Kf6 44. Bd5 Ng5+ 45. Kf4 Nh3+ 46. Ke4 Nf2+ 47. Kd4 Ng4 48. h3 Ne5 49. b5 Ng6 50. Be4 Ne7 51. c5 bxc5+ 52. Kxc5 Ke5 1/2-1/2

[Event "BL2-Sued 1819"]
[Site "Germany"]
[Date "2019.03.24"]
[Round "10.7"]
[White "Bay, Nicolai"]
[Black "Reinhardt, Bernd"]
[Result "0-1"]
[WhiteElo "1998"]
[BlackElo "2170"]
[PlyCount "84"]
[EventDate "2018.11.10"]
[EventType "team-tourn"]
[EventRounds "10"]
[EventCountry "GER"]
[SourceTitle "CBM 190 Extra"]
[Source "ChessBase"]
[SourceDate "2019.07.15"]
[SourceVersion "1"]
[SourceVersionDate "2019.07.15"]
[SourceQuality "1"]
[WhiteTeam "Eppingen"]
[BlackTeam "Bad Mergentheim"]
[WhiteTeamCountry "GER"]
[BlackTeamCountry "GER"]

1. e4 b6 2. d4 Bb7 3. Bd3 e6 4. Nf3 d6 5. c4 c5 6. d5 e5 7. Nc3 g6 8. Be3 Bg7 9. Qe2 Nf6 10. Nd2 Nh5 11. g3 0-0 12. 0-0-0 Na6 13. a3 Nc7 14. Ndb1 a6 15. a4 Bc8 16. h4 Qe8 17. Na3 Bd7 18. b3 f5 19. exf5 gxf5 20. Qc2 e4 21. Be2 Be5 22. Rdg1 Nf6 23. Bh6 Rf7 24. f3 exf3 25. Bxf3 b5 26. axb5 axb5 27. Nab1 bxc4 28. bxc4 Na6 29. Na2 Rb8 30. Nbc3 Nb4 31. Nxb4 cxb4 32. Nb1 b3 33. Qd3 Qd8 34. Bf4 b2+ 35. Kd2 Qa5+ 36. Ke2 Qa2 37. Nd2 Ng4 38. Rb1 Re7 39. Kf1 Bxf4 40. gxf4 Re3 41. Qc2 Rxf3+ 42. Ke2 Rf2+ 0-1

[Event "Verbandsliga Nordbaden 1718"]
[Site "Baden"]
[Date "2018.04.22"]
[Round "8.5"]
[White "Bay, Nicolai"]
[Black "Armasow, Ulrich"]
[Result "1-0"]
[WhiteElo "1998"]
[BlackElo "1987"]
[PlyCount "117"]
[EventDate "2017.10.08"]
[EventType "team-tourn"]
[EventRounds "9"]
[EventCountry "GER"]
[SourceTitle "EXT 2019"]
[Source "ChessBase"]
[SourceDate "2018.10.10"]
[SourceVersion "1"]
[SourceVersionDate "2018.10.10"]
[SourceQuality "1"]
[WhiteTeam "Eppingen II"]
[BlackTeam "Buchen II"]
[WhiteTeamCountry "GER"]
[BlackTeamCountry "GER"]

1. e4 d5 2. exd5 Qxd5 3. Nc3 Qa5 4. d4 Nf6 5. Bd3 c6 6. Nge2 Bg4 7. 0-0 e6 8. Bf4 Be7 9. h3 Bh5 10. Qd2 Nbd7 11. Ng3 Bg6 12. Nce4 Qxd2 13. Bxd2 0-0 14. Rad1 Rfd8 15. c3 Nxe4 16. Nxe4 Nf6 17. Nxf6+ Bxf6 18. Be3 Kf8 19. Be2 Be7 20. Bf3 Rac8 21. Rd2 h6 22. Rfd1 Bg5 23. Kf1 f6 24. g3 Bxe3 25. fxe3 Ke7 26. e4 Bf7 27. c4 g6 28. a3 a5 29. Kf2 f5 30. e5 Ra8 31. Ke3 Rac8 32. b4 axb4 33. axb4 Ra8 34. c5 Ra3+ 35. Rd3 Rda8 36. b5 Kd7 37. b6 g5 38. Rxa3 Rxa3+ 39. Rd3 Ra8 40. Rd2 Ra3+ 41. Kf2 Bg6 42. Be2 Ra4 43. Bd1 Ra3 44. Be2 Ra4 45. d5 exd5 46. Rxd5+ Ke7 47. Rd6 Bf7 48. Rxh6 Bc4 49. Rh7+ Ke6 50. Bxc4+ Rxc4 51. Rxb7 Rxc5 52. Rb8 Rb5 53. b7 Kd7 54. e6+ Kc7 55. e7 Kxb8 56. e8Q+ Kxb7 57. Qe7+ Kb6 58. Qxg5 Rd5 59. h4 1-0

[Event "Verbandsliga Nordbaden 1718"]
[Site "Baden"]
[Date "2018.01.14"]
[Round "4.5"]
[White "Moser, Klaus"]
[Black "Bay, Nicolai"]
[Result "1/2-1/2"]
[WhiteElo "1956"]
[BlackElo "1998"]
[PlyCount "137"]
[EventDate "2017.10.08"]
[EventType "team-tourn"]
[EventRounds "9"]
[EventCountry "GER"]
[SourceTitle "EXT 2019"]
[Source "ChessBase"]
[SourceDate "2018.10.10"]
[SourceVersion "1"]
[SourceVersionDate "2018.10.10"]
[SourceQuality "1"]
[WhiteTeam "Lindenhof"]
[BlackTeam "Eppingen II"]
[WhiteTeamCountry "GER"]
[BlackTeamCountry "GER"]

1. e4 c5 2. Nf3 e6 3. d4 cxd4 4. Nxd4 Nc6 5. Nb5 Nf6 6. N1c3 Bc5 7. Nd6+ Ke7 8. Bf4 e5 9. Nf5+ Kf8 10. Be3 d6 11. Bxc5 dxc5 12. Qxd8+ Nxd8 13. 0-0-0 Be6 14. Ne3 Nc6 15. Bc4 Bxc4 16. Nxc4 g6 17. Rhf1 Kg7 18. f4 exf4 19. Rxf4 Rhf8 20. Rd6 Ne8 21. Rd7 b6 22. e5 Rd8 23. Rb7 Rb8 24. Rxb8 Nxb8 25. Ne4 Nc6 26. a4 Nc7 27. Ng5 h6 28. Nf3 Rd8 29. Nd6 Rd7 30. Nc4 Ne6 31. Re4 Kf8 32. c3 Ke7 33. Kc2 Ng7 34. g4 Ne8 35. e6 Nf6 36. Re2 fxe6 37. Nfe5 Nxe5 38. Nxe5 Rd5 39. Nxg6+ Kd6 40. h3 Rg5 41. Rd2+ Nd5 42. Nf4 Ke7 43. Nxd5+ exd5 44. Rf2 h5 45. gxh5 Rxh5 46. Rf3 Rh4 47. b3 a6 48. Rg3 Kf7 49. Rg5 Rxh3 50. Rxd5 Rh6 51. a5 c4 52. bxc4 bxa5 53. Rxa5 Ke7 54. Rd5 Rd6 55. Rd4 Rb6 56. c5 Rb7 57. Rd5 a5 58. c4 Rb8 59. Kc3 a4 60. Rd2 a3 61. Ra2 Kd7 62. Rxa3 Kc6 63. Ra5 Rb1 64. Kd4 Rd1+ 65. Kc3 Rc1+ 66. Kb3 Rb1+ 67. Kc2 Rb4 68. Kc3 Rb1 69. Kd4 1/2-1/2

[Event "Verbandsliga Nordbaden 1718"]
[Site "Baden"]
[Date "2017.10.08"]
[Round "1.4"]
[White "Spiegel, Stefan"]
[Black "Bay, Nicolai"]
[Result "1/2-1/2"]
[WhiteElo "2144"]
[BlackElo "1998"]
[PlyCount "82"]
[EventDate "2017.10.08"]
[EventType "team-tourn"]
[EventRounds "9"]
[EventCountry "GER"]
[SourceTitle "EXT 2019"]
[Source "ChessBase"]
[SourceDate "2018.10.10"]
[SourceVersion "1"]
[SourceVersionDate "2018.10.10"]
[SourceQuality "1"]
[WhiteTeam "Viernheim II"]
[BlackTeam "Eppingen II"]
[WhiteTeamCountry "GER"]
[BlackTeamCountry "GER"]

1. e4 c5 2. Nc3 e6 3. f4 Nc6 4. Nf3 d6 5. Bb5 Bd7 6. d3 Nf6 7. 0-0 Be7 8. Bd2 a6 9. Bxc6 Bxc6 10. Qe1 Qc7 11. a4 0-0-0 12. a5 h6 13. Na4 Rhg8 14. b4 cxb4 15. Nb6+ Kb8 16. Nd4 Nd7 17. Nxd7+ Rxd7 18. Bxb4 d5 19. Bxe7 Rxe7 20. Qb4 Rd7 21. e5 Rdd8 22. Rab1 Ka8 23. Rb2 Rb8 24. Rfb1 Rgc8 25. Qc5 Be8 26. Qxc7 Rxc7 27. Kf2 Rc5 28. Ra1 Rbc8 29. Ke3 Bd7 30. Kd2 Rg8 31. g3 Ka7 32. Rb4 Rgc8 33. Ra2 g6 34. Nb3 R5c7 35. Rb2 Bb5 36. Nd4 Bd7 37. Rb1 Rh8 38. Rf1 Rc5 39. Nb3 Rc7 40. Nd4 Rc5 41. Nb3 Rc7 1/2-1/2

[Event "Verbandsliga Nordbaden 1516"]
[Site "Baden"]
[Date "2016.03.06"]
[Round "7.7"]
[White "Stemmler, Tim"]
[Black "Bay, Nicolai"]
[Result "0-1"]
[WhiteElo "1942"]
[BlackElo "2000"]
[PlyCount "104"]
[EventDate "2015.09.27"]
[EventType "team-tourn"]
[EventRounds "9"]
[EventCountry "GER"]
[SourceTitle "EXT 2022"]
[Source "ChessBase"]
[SourceDate "2021.10.06"]
[SourceVersion "1"]
[SourceVersionDate "2021.10.06"]
[SourceQuality "1"]
[WhiteTeam "Ladenburg"]
[BlackTeam "Eppingen II"]
[WhiteTeamCountry "GER"]
[BlackTeamCountry "GER"]

1. d4 Nf6 2. c4 g6 3. Nc3 Bg7 4. e4 d6 5. h3 0-0 6. Bg5 c6 7. Nf3 Qa5 8. Qd2 Nbd7 9. Bd3 e5 10. d5 cxd5 11. cxd5 Nc5 12. Bc2 b5 13. Bxf6 Bxf6 14. 0-0 Bd7 15. Nd1 Qxd2 16. Nxd2 Rac8 17. Ne3 Rc7 18. Nf3 Rfc8 19. Kh2 h5 20. Rab1 b4 21. Rfd1 Bb5 22. Ra1 a5 23. b3 Nb7 24. Ne1 Bg5 25. Bd3 Bxe3 26. Bxb5 Bxf2 27. Ba6 Bxe1 28. Rxe1 Rb8 29. Bxb7 Rbxb7 30. Rec1 Kf8 31. g4 hxg4 32. hxg4 Ke7 33. g5 Kd7 34. Kg3 Rxc1 35. Rxc1 Rc7 36. Rxc7+ Kxc7 37. Kf3 Kd8 38. Kg4 Ke7 39. Kh4 f6 40. gxf6+ Kxf6 41. Kg4 Kf7 42. Kh4 Kg8 43. Kg4 Kh7 44. Kh4 Kh6 45. Kg4 g5 46. Kf5 Kh5 47. Ke6 g4 48. Kxd6 g3 49. Kc6 g2 50. d6 g1Q 51. d7 Qd4 52. Kc7 Qc5+ 0-1

[Event "GER-chT U20"]
[Site "Osnabrueck"]
[Date "2015.12.27"]
[Round "1.2"]
[White "Bay, Nicolai"]
[Black "Quante, Lennart"]
[Result "1-0"]
[WhiteElo "1915"]
[BlackElo "2015"]
[PlyCount "89"]
[EventDate "2015.12.27"]
[EventType "team-swiss"]
[EventRounds "7"]
[EventCountry "GER"]
[SourceTitle "EXT 2017"]
[Source "ChessBase"]
[SourceDate "2016.10.25"]
[SourceVersion "1"]
[SourceVersionDate "2016.10.25"]
[SourceQuality "1"]
[WhiteTeam "Eppingen"]
[BlackTeam "Muenster"]
[WhiteTeamCountry "GER"]
[BlackTeamCountry "GER"]

1. e4 e5 2. Nf3 Nc6 3. Bb5 a6 4. Ba4 Nf6 5. 0-0 Be7 6. Re1 b5 7. Bb3 0-0 8. c3 d5 9. exd5 Nxd5 10. Nxe5 Nxe5 11. Rxe5 c6 12. d4 Bd6 13. Re1 Qh4 14. g3 Qh3 15. Be3 Bg4 16. Qd3 Rae8 17. Nd2 Qh5 18. a4 Re6 19. axb5 axb5 20. Ra6 Nf4 21. Qb1 Rh6 22. h4 g5 23. Bd1 gxh4 24. gxf4 Rg6 25. Kh1 Kh8 26. Ra1 Re8 27. Rg1 Qd5+ 28. Kh2 Qh5 29. Qd3 Reg8 30. Qe4 f5 31. Qd3 Qh6 32. Bxg4 Bxf4+ 33. Kh1 fxg4 34. Qe4 Bxe3 35. Qe5+ R6g7 36. fxe3 g3 37. Ra7 Qg6 38. Rxg7 Rxg7 39. Ra1 h6 40. Ne4 h3 41. Kg1 g2 42. Nf2 Qc2 43. Nxh3 Kh7 44. Nf4 Rf7 45. Qe6 1-0

[Event "Verbandsliga Nordbaden 1415"]
[Site "Baden"]
[Date "2014.11.02"]
[Round "2.4"]
[White "Bay, Nicolai"]
[Black "Elis, Volker"]
[Result "1/2-1/2"]
[WhiteElo "1965"]
[BlackElo "2220"]
[PlyCount "102"]
[EventDate "2014.10.12"]
[EventType "team-tourn"]
[EventRounds "9"]
[EventCountry "GER"]
[SourceTitle "EXT 2022"]
[Source "ChessBase"]
[SourceDate "2021.10.06"]
[SourceVersion "1"]
[SourceVersionDate "2021.10.06"]
[SourceQuality "1"]
[WhiteTeam "Eppingen III"]
[BlackTeam "Heidelberg"]
[WhiteTeamCountry "GER"]
[BlackTeamCountry "GER"]

1. e4 e6 2. d4 d5 3. Nd2 c5 4. dxc5 Bxc5 5. Nb3 Bb6 6. exd5 exd5 7. Nf3 Nc6 8. Be2 Nf6 9. 0-0 Ne4 10. c3 0-0 11. Nfd4 Ne5 12. Nc2 Be6 13. Be3 Bc7 14. Nbd4 a6 15. Nxe6 fxe6 16. Nd4 Qe7 17. g3 Nd6 18. b3 Ne4 19. Rc1 Ba5 20. b4 Bc7 21. c4 Nxc4 22. Bxc4 dxc4 23. Rxc4 Bd6 24. Qg4 Nf6 25. Qxe6+ Qxe6 26. Nxe6 Rfc8 27. Rfc1 Rxc4 28. Rxc4 Re8 29. Nc5 Re7 30. Bf4 Bxf4 31. Rxf4 Nd5 32. Rd4 Nc3 33. Rd2 b6 34. Nxa6 Ra7 35. Nb8 Nxa2 36. Nc6 Ra4 37. b5 Nc3 38. Rd8+ Kf7 39. Rd7+ Kf6 40. Rd6+ Kg5 41. h4+ Kf5 42. Ne7+ Kg4 43. Kg2 Ra2 44. Nd5 Rxf2+ 45. Kxf2 Ne4+ 46. Kg2 Nxd6 47. Nxb6 Nxb5 48. Nd5 Kf5 49. Ne3+ Ke4 50. Ng4 Nd4 51. Nf2+ Kf5 1/2-1/2

[Event "Baden-ch U16"]
[Site "Karlsruhe"]
[Date "2014.01.04"]
[Round "5"]
[White "Hermann, Tobias"]
[Black "Bay, Nicolai"]
[Result "1/2-1/2"]
[WhiteElo "1730"]
[BlackElo "1913"]
[PlyCount "69"]
[EventDate "2014.01.??"]
[EventType "swiss"]
[EventRounds "7"]
[EventCountry "GER"]
[SourceTitle "EXT 2022"]
[Source "ChessBase"]
[SourceDate "2021.10.06"]
[SourceVersion "1"]
[SourceVersionDate "2021.10.06"]
[SourceQuality "1"]

1. c4 c5 2. Nc3 Nc6 3. g3 b6 4. Bg2 Bb7 5. e4 Nf6 6. Nge2 d6 7. 0-0 g6 8. d4 cxd4 9. Nxd4 Nxd4 10. Qxd4 Bg7 11. Be3 0-0 12. Qd2 Qc7 13. b3 Rfd8 14. Rad1 a6 15. f3 e6 16. Na4 Nd7 17. Qxd6 Qxd6 18. Rxd6 Be5 19. Rd2 b5 20. Nb2 Nf6 21. Rfd1 Rdc8 22. Bd4 Bxd4+ 23. Rxd4 Ne8 24. Bf1 Bc6 25. Kf2 Kf8 26. Ke3 Ke7 27. Be2 Rc7 28. f4 Rac8 29. Bf3 bxc4 30. Nxc4 Bb5 31. Be2 Rb8 32. R1d2 Nf6 33. h3 h5 34. Rd1 Nd7 35. R1d2 1/2-1/2

[Event "Baden-ch U16"]
[Site "Karlsruhe"]
[Date "2014.01.02"]
[Round "2"]
[White "Bay, Nicolai"]
[Black "Becker, Dirk"]
[Result "1/2-1/2"]
[WhiteElo "1913"]
[BlackElo "1984"]
[PlyCount "203"]
[EventDate "2014.01.??"]
[EventType "swiss"]
[EventRounds "7"]
[EventCountry "GER"]
[SourceTitle "EXT 2022"]
[Source "ChessBase"]
[SourceDate "2021.10.06"]
[SourceVersion "1"]
[SourceVersionDate "2021.10.06"]
[SourceQuality "1"]

1. e4 e5 2. Nf3 Nc6 3. Bb5 a6 4. Ba4 Nf6 5. 0-0 Be7 6. Re1 b5 7. Bb3 0-0 8. c3 d6 9. h3 Na5 10. Bc2 c5 11. d4 Qc7 12. Nbd2 cxd4 13. cxd4 Rd8 14. d5 Nb7 15. Nf1 Bd7 16. Ng3 Rdc8 17. Bd3 Nc5 18. Bf1 Qd8 19. b4 Na4 20. Bd2 Rc7 21. Qb3 Rac8 22. Rac1 Rxc1 23. Rxc1 Rxc1 24. Bxc1 Qc8 25. Bd2 Bd8 26. Bd3 Bb6 27. Nf1 Nh5 28. Qc2 Qb7 29. Ne3 Nf4 30. Bf1 g6 31. Kh2 Nh5 32. Bd3 Nf4 33. Bf1 Kg7 34. g3 Nh5 35. Bd3 Nf6 36. Ng1 Ng8 37. Ne2 Ne7 38. g4 f6 39. Nc3 Nxc3 40. Qxc3 Bd4 41. Qc1 Kf7 42. Kg2 Bxe3 43. Bxe3 Nxd5 44. Bd2 Ne7 45. f3 Be6 46. a3 d5 47. Qc5 Qc6 48. exd5 Bxd5 49. Qxc6 Nxc6 50. Kf2 Ke6 51. Ke3 f5 52. gxf5+ gxf5 53. Bc3 Ne7 54. a4 Bc6 55. axb5 Bxb5 56. Bc2 Bc4 57. Be1 Nd5+ 58. Kf2 Nf4 59. h4 Ne2 60. Bb3 Bxb3 61. Kxe2 f4 62. Bd2 Bc4+ 63. Kf2 Kd5 64. Bc3 Bb5 65. Bb2 Ba4 66. Bc3 Bd1 67. Bb2 Ba4 68. Bc3 Be8 69. Bb2 Bh5 70. Bc3 Bg6 71. Bb2 e4 72. fxe4+ Bxe4 73. Bf6 Kc4 74. Be7 Kb5 75. Bd6 Kc4 76. Be7 Kd5 77. Bg5 Kc4 78. Be7 h6 79. Bf8 f3 80. Ke3 Bd5 81. Kf2 h5 82. Be7 Kb5 83. Bd6 Bb7 84. Be7 Kc6 85. Bd8 Kd7 86. Ba5 Bd5 87. Bb6 Kc6 88. Ba5 Kb5 89. Ke3 Kc4 90. Kf2 Kb3 91. Ke3 Kc2 92. Kf2 Kd1 93. Bb6 Kd2 94. Bc7 Kd3 95. Bd8 Ke4 96. Bc7 Kf5 97. Bb6 Kg4 98. Bd8 Kf5 99. Bc7 Kg4 100. Bd8 Kf5 101. Bc7 Kg4 102. Bd8 1/2-1/2

[Event "Baden-ch op U2000"]
[Site "Birkenfeld"]
[Date "2013.05.31"]
[Round "3"]
[White "Bay, Nicolai"]
[Black "Nosal, Stevan"]
[Result "1-0"]
[WhiteElo "1913"]
[BlackElo "1917"]
[PlyCount "61"]
[EventDate "2013.05.30"]
[EventType "swiss"]
[EventRounds "7"]
[EventCountry "GER"]
[SourceTitle "EXT 2014"]
[Source "ChessBase"]
[SourceDate "2013.11.20"]
[SourceVersion "1"]
[SourceVersionDate "2013.11.20"]
[SourceQuality "1"]

1. e4 c5 2. c3 d6 3. d4 Nf6 4. dxc5 Nc6 5. cxd6 Nxe4 6. Nf3 Nxd6 7. Be2 e5 8. 0-0 Be7 9. Na3 0-0 10. Nc4 Nxc4 11. Bxc4 Qxd1 12. Rxd1 Bg4 13. Be2 Rad8 14. Be3 Rxd1+ 15. Rxd1 Rd8 16. Rxd8+ Bxd8 17. h3 Be6 18. a3 h6 19. Bb5 f6 20. Bxc6 bxc6 21. Bxa7 Kf7 22. Nd2 f5 23. Kf1 g5 24. Bc5 h5 25. c4 g4 26. hxg4 fxg4 27. g3 Bg5 28. Be3 Kg6 29. Bxg5 Kxg5 30. Ke2 Kf5 31. Ke3 1-0

[Event "GER-chT U16"]
[Site "Naumburg"]
[Date "2012.12.29"]
[Round "6"]
[White "Bay, Nicolai"]
[Black "Vogt, Marc Jonas"]
[Result "1-0"]
[WhiteElo "1688"]
[BlackElo "1875"]
[PlyCount "65"]
[EventDate "2012.12.27"]
[EventType "team-swiss"]
[EventRounds "7"]
[EventCountry "GER"]
[SourceTitle "EXT 2014"]
[Source "ChessBase"]
[SourceDate "2013.11.20"]
[SourceVersion "1"]
[SourceVersionDate "2013.11.20"]
[SourceQuality "1"]
[WhiteTeam "Eppingen"]
[BlackTeam "Stader SV"]
[WhiteTeamCountry "GER"]
[BlackTeamCountry "GER"]

1. e4 c5 2. c3 d5 3. exd5 Qxd5 4. d4 Nc6 5. Nf3 Bg4 6. Be2 cxd4 7. cxd4 e6 8. Nc3 Bb4 9. 0-0 Qd7 10. Be3 Nf6 11. Qb3 0-0 12. Rfd1 Nd5 13. Nxd5 Qxd5 14. Qxd5 exd5 15. Rac1 Rac8 16. h3 Bf5 17. Ne5 Ne7 18. Nd3 Bd6 19. Nf4 Bd7 20. Bf3 Bc6 21. Rd3 Rfe8 22. Rdc3 Rcd8 23. a3 a6 24. Kf1 Bb8 25. g3 Nf5 26. Ne2 Bb5 27. g4 Nh4 28. Bh1 f5 29. R1c2 f4 30. Bc1 Rxe2 31. Rxe2 Re8 32. Bxd5+ Kh8 33. Bc4 1-0